Digital outcasts : moving technology forward without leaving people behind /

The blind person who tries to make an online purchase. The young girl who cannot speak due to a cognitive disability. The man confined to his home due to permanent injury. The single mother with a long-term illness who struggles to feed her family. With one in seven people worldwide currently living...

Full description

Bibliographic Details
Main Author: Smith, Kel
Corporate Author: ScienceDirect (Online service)
Format: eBook
Language:English
Published: Waltham, MA : Morgan Kaufmann, ©2013.
Subjects:
Online Access:Connect to the full text of this electronic book

MARC

Tag First Indicator Second Indicator Subfields
LEADER 00000cam a2200000 a 4500
001 in00005751925
005 20260326194324.3
006 m o d
007 cr cnu---unuuu
008 130404s2013 mau ob 001 0 eng d
040 |a OPELS  |b eng  |e pn  |c OPELS  |d IDEBK  |d UMI  |d YDXCP  |d LRU  |d B24X7  |d DEBSZ  |d CDX  |d GGVRL  |d UIU  |d OCLCQ  |d OCLCF  |d UIU  |d DEBBG  |d OCLCQ  |d COO  |d VGM  |d LIV  |d OCLCQ  |d RRP  |d U3W  |d D6H  |d CEF  |d INT  |d AU@  |d OCLCQ  |d WYU  |d TKN  |d LEAUB  |d VT2  |d OCLCQ  |d OCLCO  |d OCLCQ  |d OCLCO  |d OCLCL  |d SXB  |d OCLCQ  |d OCLCO  |d OCLCL 
019 |a 852680928  |a 959032380  |a 966358163  |a 1058026504  |a 1065909929  |a 1103268163  |a 1129367068  |a 1153047212  |a 1192332575  |a 1249987896 
020 |a 9780124047136 
020 |a 0124047130 
020 |z 9780124047051 
020 |z 012404705X 
035 |a (OCoLC)835600879  |z (OCoLC)852680928  |z (OCoLC)959032380  |z (OCoLC)966358163  |z (OCoLC)1058026504  |z (OCoLC)1065909929  |z (OCoLC)1103268163  |z (OCoLC)1129367068  |z (OCoLC)1153047212  |z (OCoLC)1192332575  |z (OCoLC)1249987896 
037 |a CL0500000222  |b Safari Books Online 
050 4 |a HV1569.5  |b .S65 2013 
082 0 4 |a 617/.033  |2 23 
049 |a TXAM 
100 1 |a Smith, Kel.  |1 https://id.oclc.org/worldcat/entity/E39PCjGgpjDGHXttxggybcjbwK 
245 1 0 |a Digital outcasts :  |b moving technology forward without leaving people behind /  |c Kel Smith. 
260 |a Waltham, MA :  |b Morgan Kaufmann,  |c ©2013. 
300 |a 1 online resource 
336 |a text  |b txt  |2 rdacontent 
337 |a computer  |b c  |2 rdamedia 
338 |a online resource  |b cr  |2 rdacarrier 
505 0 |a Who are digital outcasts? -- Interpreting ability -- Why accessibility alone isn't enough -- Accessibility and the real world -- Defining inclusive innovation -- Playing for health -- Virtual reality, universal life -- Inclusive design is the new green -- Designing for tomorrow's digital outcasts -- The future is already here. 
520 |a The blind person who tries to make an online purchase. The young girl who cannot speak due to a cognitive disability. The man confined to his home due to permanent injury. The single mother with a long-term illness who struggles to feed her family. With one in seven people worldwide currently living with a disability, the term "outcast" covers numerous scenarios. Digital outcasts rely on technology for everyday services that many people take for granted. However, poorly designed products risk alienating this important (and growing) population. Through a "grass roots" approach to innovation, digital outcasts are gradually taking action to transform their lives and communities. This emerging trend provides exciting learning opportunities for all of us. Citing real-world case studies from healthcare to social science, this book examines the emerging legal and cultural impact of inclusive design. Gain a better understanding of how people with disabilities use technology Discover pitfalls and approaches to help you stay current in your UX practices Anticipate a future in which ambient benefit can be achieved for people of all abilities and backgrounds 
504 |a Includes bibliographical references and index. 
588 0 |a Title page of PDF version (ScienceDirect; viewed on April 4, 2013). 
650 0 |a Assistive computer technology. 
650 0 |a Computers and people with disabilities. 
650 6 |a Technologie informatique adaptée. 
650 6 |a Ordinateurs et personnes handicapées. 
650 7 |a Assistive computer technology  |2 fast 
650 7 |a Computers and people with disabilities  |2 fast 
655 7 |a Electronic books.  |2 local 
710 2 |a ScienceDirect (Online service) 
758 |i has work:  |a Digital outcasts (Text)  |1 https://id.oclc.org/worldcat/entity/E39PCFGxYdqG9mHtvg3XH9vtmm  |4 https://id.oclc.org/worldcat/ontology/hasWork 
776 0 8 |i Print version:  |a Smith, Kel.  |t Digital outcasts.  |d Amsterdam ; Boston : Morgan Kaufmann, ©2013  |z 012404705X  |w (OCoLC)824733728 
856 4 0 |u http://proxy.library.tamu.edu/login?url=https://www.sciencedirect.com/science/book/9780124047051  |z Connect to the full text of this electronic book  |t 0 
955 |a Elsevier ScienceDirect 2026-2027 
955 |a Safari/O'Reilly ebooks 
994 |a 92  |b TXA 
999 f f |i 993e3e2e-99b9-4dc5-9802-39180abf8b8b  |s fcd6ba4a-410d-4c7e-87fa-fe39f5f5bbd0  |t 0 
952 f f |a Texas A&M University  |b College Station  |c Electronic Resources  |s www_evans  |d Available Online  |t 0  |e HV1569.5 .S65 2013  |h Library of Congress classification 
998 f f |a HV1569.5 .S65 2013  |t 0  |l Available Online